00580nam a2200133Ia 450000500170000000800390001702000180005608200160007410000230009024500660011326000360017952001860021565000450040120260225135612.0260225s9999 xx 000 0 und d a9781843760368 a338.74bSTE aSteinberg, Richard 0aThe Economics of Nonprofit Enterprises / cSteinberg, Richard bEdward Elgar Publishing, c2004 aFor this collection, Richard Steinberg has selected some of the most important previously published articles which illustrate the development of research on nonprofit organisations. aAssociations sans but lucratif - Gestion